Egan 10 years on (Record no. 80197)

MARC details
000 -LEADER
fixed length control field 00982cab a22002055a 4500
001 - CONTROL NUMBER
control field L143473
008 - FIXED-LENGTH DATA ELEMENTS--GENERAL INFORMATION
fixed length control field 080514e20080509xxk f 000 0 eng d
035 ## - SYSTEM CONTROL NUMBER
System control number (Sirsi) u143473
041 0# - LANGUAGE CODE
Language code of text/sound track or separate title eng
100 1# - MAIN ENTRY--PERSONAL NAME
Personal name McMeeken, Roxane
245 00 - TITLE STATEMENT
Title Egan 10 years on
260 ## - PUBLICATION, DISTRIBUTION, ETC.
Date of publication, distribution, etc. 2008
490 #0 - SERIES STATEMENT
Series statement Building
Volume/sequential designation 273(8528) 9 May 2008, 30-33(3)
520 ## - SUMMARY, ETC.
Summary, etc. Discusses the impact of Egan's "Rethinking construction" (ISBN 1851120947) report 10 years on. Looks at Egan's original targets, and considers why many of his recommendations haven't been implemented. In particular, highlights OFT's recent investigation into contractor's rigging bids and points to research from Construction Excellence which measures progress towards the Egan goals. Concludes that while the industry has not yet achieved Egan?s nirvana, it has moved forward somewhat on all seven targets.
590 ## - LOCAL NOTE (RLIN)
Local note KA
650 24 - SUBJECT ADDED ENTRY--TOPICAL TERM
Topical term or geographic name entry element EGAN REFORMS
651 #4 - SUBJECT ADDED ENTRY--GEOGRAPHIC NAME
Geographic name United Kingdom
Chronological subdivision
690 ## - LOCAL SUBJECT ADDED ENTRY--TOPICAL TERM (OCLC, RLIN)
Topical term or geographic name as entry element BUILT ENVIRONMENT
942 ## - ADDED ENTRY ELEMENTS (KOHA)
Suppress in OPAC 0
Holdings
Withdrawn status Lost status Source of classification or shelving scheme Damaged status Not for loan Home library Current library Shelving location Date acquired Total Checkouts Full call number Barcode Date last seen Copy number Price effective from Koha item type
    Dewey Decimal Classification     London London Journal article 14/05/2008   L143473 143473-1001 06/08/2019 1 06/08/2019 Journal article